History Quiz

Random History or City Quiz

US Populous Cities 1850 Quiz Stats

 Plays Quiz Updated Oct 11, 2018

     
Support Sporcle.
Go Orange.
Score 0/50 Timer 08:00
1 Play Today
Rank City % Correct
1New York, New York
99.6%
3Boston, Massachusetts
94.4%
4Philadelphia, Pennsylvania
90.8%
24Chicago, Illinois
86.7%
18Washington, DC
81.9%
13Pittsburgh, Pennsylvania
77.9%
2Baltimore, Maryland
76.2%
41Cleveland, Ohio
71.4%
30Detroit, Michigan
70.9%
5New Orleans, Louisiana
67.4%
8St Louis, Missouri
66.2%
26Richmond, Virginia
65.9%
16Buffalo, New York
65.3%
10Albany, New York
64.8%
15Charleston, South Carolina
61.6%
6Cincinnati, Ohio
59.7%
17Providence, Rhode Island
58.5%
37Columbus, Ohio
57.5%
19Newark, New Jersey
53.3%
14Louisville, Kentucky
42.2%
28Syracuse, New York
41%
31Portland, Maine
40.7%
21Rochester, New York
40.4%
44Savannah, Georgia
39.4%
35Milwaukee, Wisconsin
37.2%
Rank City % Correct
7Brooklyn, New York
34.4%
33New Haven, Connecticut
33.4%
47Norfolk, Virginia
30.9%
40Worcester, Massachusetts
25.4%
32Mobile, Alabama
23.3%
34Salem, Massachusetts
23.1%
45Cambridge, Massachusetts
20.7%
22Lowell, Massachusetts
17.6%
38Utica, New York
13.9%
46Bangor, Maine
11.5%
25Troy, New York
10.3%
42New Bedford, Massachusetts
9.6%
43Reading, Pennsylvania
9%
48Lynn, Massachusetts
7.2%
39Charlestown, Massachusetts
7.1%
11Northern Liberties, Pennsylvania
6.9%
29Allegheny, Pennsylvania
6.4%
9Spring Garden, Pennsylvania
5.2%
20Southwark, Pennsylvania
4.5%
50Petersburg, Virginia
4.4%
23Williamsburgh, New York
3%
49Lafayette, Louisiana
3%
12Kensington, Pennsylvania
2.6%
36Roxbury, Massachusetts
2%
27Moyamensing, Pennsylvania
1.7%

From the Vault

Mega-Sorting Gallery: Holiday

by Chenchilla

Holiday 15m
It's time to get to celebrating. You've got a lot to do.
Remove Ads.
Support Sporcle.
Get the best of Sporcle when you Go Orange. This ad-free experience offers more features, more stats, and more fun while also helping to support Sporcle. Thank you for becoming a member.

Show Comments

Extras

Top Quizzes Today


Score Distribution

Your Account Isn't Verified!

In order to create a playlist on Sporcle, you need to verify the email address you used during registration. Go to your Sporcle Settings to finish the process.

Report this User

Report this user for behavior that violates our Community Guidelines.

Details: